[Event "DEM U14 2024"]
[Site "Willingen GER"]
[Date "2024.05.22"]
[Round "5"]
[White "Mandalka, Justus"]
[Black "Xue, Luka"]
[Result "1-0"]
[Termination "normal"]
[Board "8"]
[WhiteElo "1837"]
[BlackElo "2097"]
[WhiteClock "00:15:37"]
[BlackClock "00:26:22"]
[PlyCount "97"]
[WhiteFideId "16298144"]
[BlackFideId "16277252"]
[EventCountry "GER"]
[EventRounds "9"]
[EventType "swiss"]
[EventDate "2024.05.18"]

1. e4 {[%clk 01:30:58]} e5 {[%clk 01:30:51]} {[%emt 00:00:10]} 2. Nf3 {[%clk
01:31:24]} {[%emt 00:00:05]} Nc6 {[%clk 01:31:18]} {[%emt 00:00:03]} 3. d4
{[%clk 01:31:47]} {[%emt 00:00:06]} exd4 {[%clk 01:30:40]} {[%emt 00:01:08]} 4.
Nxd4 {[%clk 01:32:12]} {[%emt 00:00:06]} Nf6 {[%clk 01:30:44]} {[%emt
00:00:26]} 5. Nxc6 {[%clk 01:32:37]} {[%emt 00:00:04]} bxc6 {[%clk 01:31:01]}
{[%emt 00:00:12]} 6. e5 {[%clk 01:33:04]} {[%emt 00:00:03]} Qe7 {[%clk
01:30:37]} {[%emt 00:00:55]} 7. Qe2 {[%clk 01:33:29]} {[%emt 00:00:05]} Nd5
{[%clk 01:31:00]} {[%emt 00:00:06]} 8. c4 {[%clk 01:33:30]} {[%emt 00:00:31]}
Ba6 {[%clk 01:30:57]} {[%emt 00:00:33]} 9. b3 {[%clk 01:32:40]} {[%emt
00:01:19]} g6 {[%clk 01:25:52]} {[%emt 00:05:35]} 10. Ba3 {[%clk 01:32:23]}
{[%emt 00:00:48]} Nb4 {[%clk 01:25:35]} {[%emt 00:00:46]} 11. Bb2 {[%clk
01:32:31]} {[%emt 00:00:23]} Bg7 {[%clk 01:25:26]} {[%emt 00:00:38]} 12. a3
{[%clk 01:32:18]} {[%emt 00:00:44]} Nd5 {[%clk 01:24:24]} {[%emt 00:01:31]} 13.
Nd2 {[%clk 01:32:16]} {[%emt 00:00:33]} O-O {[%clk 01:23:32]} {[%emt 00:01:22]}
14. O-O-O {[%clk 01:32:02]} {[%emt 00:00:43]} Nb6 {[%clk 01:22:25]} {[%emt
00:01:37]} 15. f4 {[%clk 01:23:46]} {[%emt 00:08:46]} Rae8 {[%clk 01:22:35]}
{[%emt 00:00:20]} 16. g3 {[%clk 01:22:04]} {[%emt 00:02:11]} d6 {[%clk
01:16:55]} {[%emt 00:06:11]} 17. Bg2 {[%clk 01:16:00]} {[%emt 00:06:34]} Bb7
{[%clk 01:10:34]} {[%emt 00:06:51]} 18. Rhe1 {[%clk 01:15:20]} {[%emt
00:01:10]} Nd7 {[%clk 01:09:55]} {[%emt 00:01:09]} 19. Nf3 {[%clk 01:13:27]}
{[%emt 00:02:23]} c5 {[%clk 01:08:10]} {[%emt 00:02:15]} 20. Qd2 {[%clk
01:08:56]} {[%emt 00:05:02]} Nb6 {[%clk 00:52:02]} {[%emt 00:16:36]} 21. exd6
{[%clk 01:03:20]} {[%emt 00:06:08]} Qxd6 {[%clk 00:51:58]} {[%emt 00:00:33]}
22. Qc2 {[%clk 00:57:10]} {[%emt 00:06:40]} Bxf3 {[%clk 00:41:38]} {[%emt
00:10:50]} 23. Bxf3 {[%clk 00:57:21]} {[%emt 00:00:19]} Rxe1 {[%clk 00:41:20]}
{[%emt 00:00:48]} 24. Rxe1 {[%clk 00:57:50]} Bxb2+ {[%clk 00:37:50]} {[%emt
00:03:59]} 25. Qxb2 {[%clk 00:58:03]} {[%emt 00:00:18]} a5 {[%clk 00:36:24]}
{[%emt 00:01:56]} 26. a4 {[%clk 00:56:33]} {[%emt 00:02:01]} Rb8 {[%clk
00:30:09]} {[%emt 00:06:44]} 27. Qc3 {[%clk 00:51:39]} {[%emt 00:05:24]} Nd7
{[%clk 00:23:16]} {[%emt 00:07:20]} 28. Rd1 {[%clk 00:36:18]} {[%emt 00:15:54]}
Qe7 {[%clk 00:22:35]} {[%emt 00:01:09]} 29. Kb2 {[%clk 00:31:40]} {[%emt
00:05:09]} Nf8 {[%clk 00:16:47]} {[%emt 00:06:18]} 30. Bd5 {[%clk 00:27:24]}
{[%emt 00:04:47]} Rb4 {[%clk 00:15:20]} {[%emt 00:01:57]} 31. Qf3 {[%clk
00:25:00]} {[%emt 00:02:53]} Qd7 {[%clk 00:13:58]} {[%emt 00:01:52]} 32. Rd3
{[%clk 00:20:47]} {[%emt 00:04:44]} Qh3 {[%clk 00:12:47]} {[%emt 00:01:41]} 33.
Qe2 {[%clk 00:19:34]} {[%emt 00:01:43]} Qd7 {[%clk 00:12:27]} {[%emt 00:00:50]}
34. Qf3 {[%clk 00:19:43]} {[%emt 00:00:21]} Rb6 {[%clk 00:12:47]} {[%emt
00:00:10]} 35. Ka2 {[%clk 00:18:37]} {[%emt 00:01:36]} Qh3 {[%clk 00:10:57]}
{[%emt 00:02:19]} 36. Rd2 {[%clk 00:18:15]} {[%emt 00:00:52]} Qc8 {[%clk
00:10:37]} {[%emt 00:00:48]} 37. Qe3 {[%clk 00:16:32]} {[%emt 00:02:15]} c6
{[%clk 00:07:47]} {[%emt 00:03:20]} 38. Qxc5 {[%clk 00:15:31]} {[%emt
00:01:31]} Qb7 {[%clk 00:07:31]} {[%emt 00:00:46]} 39. Be4 {[%clk 00:14:07]}
{[%emt 00:01:55]} Ne6 {[%clk 00:06:29]} {[%emt 00:01:32]} 40. Qxa5 {[%clk
00:10:00]} {[%emt 00:04:37]} Rxb3 {[%clk 00:04:57]} {[%emt 00:02:01]} 41. Bxc6
{[%clk 00:09:33]} {[%emt 00:00:58]} Qb8 {[%clk 00:03:37]} {[%emt 00:01:49]} 42.
Bd5 {[%clk 00:06:37]} {[%emt 00:03:27]} Nc7 {[%clk 00:02:54]} {[%emt 00:01:13]}
43. Bc6 {[%clk 00:26:59]} {[%emt 00:10:08]} Ne6 {[%clk 00:29:32]} {[%emt
00:03:51]} 44. Bb5 {[%clk 00:24:50]} {[%emt 00:02:40]} Re3 {[%clk 00:29:51]}
{[%emt 00:00:10]} 45. c5 {[%clk 00:23:44]} {[%emt 00:01:36]} Kg7 {[%clk
00:28:50]} {[%emt 00:01:31]} 46. Qb6 {[%clk 00:21:06]} {[%emt 00:03:08]} Qf8
{[%clk 00:28:13]} {[%emt 00:01:07]} 47. Qd6 {[%clk 00:20:40]} {[%emt 00:00:57]}
Qa8 {[%clk 00:26:16]} {[%emt 00:02:26]} 48. c6 {[%clk 00:16:10]} {[%emt
00:05:00]} Qa5 {[%clk 00:26:22]} {[%emt 00:00:25]} 49. Rc2 {[%clk 00:15:37]}
{[%emt 00:01:03]} 1-0

[Event "DEM U14 2024"]
[Site "Willingen GER"]
[Date "2024.05.22"]
[Round "5"]
[White "Schuricht, Emil Frederick"]
[Black "Herrmann, Arthur"]
[Result "1/2-1/2"]
[Termination "normal"]
[Board "9"]
[WhiteElo "2027"]
[BlackElo "1929"]
[WhiteClock "00:32:48"]
[BlackClock "00:27:38"]
[PlyCount "87"]
[WhiteFideId "16270185"]
[BlackFideId "16287150"]
[EventCountry "GER"]
[EventRounds "9"]
[EventType "swiss"]
[EventDate "2024.05.18"]

1. d4 {[%clk 01:30:58]} {[%emt 00:00:01]} d5 {[%clk 01:30:55]} {[%emt
00:00:06]} 2. c4 {[%clk 01:31:24]} {[%emt 00:00:03]} dxc4 {[%clk 01:31:21]}
{[%emt 00:00:04]} 3. Nf3 {[%clk 01:31:50]} {[%emt 00:00:04]} Nf6 {[%clk
01:31:45]} {[%emt 00:00:06]} 4. e3 {[%clk 01:32:15]} {[%emt 00:00:05]} e6
{[%clk 01:32:10]} {[%emt 00:00:06]} 5. Bxc4 {[%clk 01:32:41]} {[%emt 00:00:04]}
c5 {[%clk 01:32:36]} {[%emt 00:00:04]} 6. O-O {[%clk 01:32:59]} {[%emt
00:00:11]} a6 {[%clk 01:32:47]} {[%emt 00:00:19]} 7. dxc5 {[%clk 01:33:18]}
{[%emt 00:00:11]} Qxd1 {[%clk 01:32:04]} {[%emt 00:01:13]} 8. Rxd1 {[%clk
01:33:42]} {[%emt 00:00:05]} Bxc5 {[%clk 01:32:28]} {[%emt 00:00:07]} 9. Be2
{[%clk 01:33:20]} {[%emt 00:00:51]} Nc6 {[%clk 01:22:43]} {[%emt 00:10:16]} 10.
Nbd2 {[%clk 01:33:29]} {[%emt 00:00:20]} O-O {[%clk 01:21:49]} {[%emt
00:01:25]} 11. b3 {[%clk 01:29:58]} {[%emt 00:04:01]} Rd8 {[%clk 01:09:26]}
{[%emt 00:12:53]} 12. Bb2 {[%clk 01:29:47]} {[%emt 00:00:40]} Be7 {[%clk
00:58:59]} {[%emt 00:10:57]} 13. Nc4 {[%clk 01:23:45]} {[%emt 00:06:32]} Bd7
{[%clk 00:53:23]} {[%emt 00:06:07]} 14. Nb6 {[%clk 01:12:07]} {[%emt 00:12:07]}
Rab8 {[%clk 00:52:48]} {[%emt 00:01:06]} 15. Nxd7 {[%clk 00:56:27]} {[%emt
00:16:10]} Rxd7 {[%clk 00:50:23]} {[%emt 00:02:55]} 16. Rxd7 {[%clk 00:50:32]}
{[%emt 00:06:24]} Nxd7 {[%clk 00:50:48]} {[%emt 00:00:06]} 17. Rd1 {[%clk
00:50:16]} {[%emt 00:00:46]} Rd8 {[%clk 00:45:08]} {[%emt 00:06:09]} 18. Nd4
{[%clk 00:43:23]} {[%emt 00:07:23]} Nde5 {[%clk 00:41:26]} {[%emt 00:04:12]}
19. Nxc6 {[%clk 00:37:17]} {[%emt 00:06:36]} Rxd1+ {[%clk 00:41:26]} {[%emt
00:00:29]} 20. Bxd1 {[%clk 00:37:43]} {[%emt 00:00:05]} Nxc6 {[%clk 00:41:49]}
{[%emt 00:00:08]} 21. Bf3 {[%clk 00:37:50]} {[%emt 00:00:22]} g6 {[%clk
00:37:39]} {[%emt 00:04:40]} 22. Kf1 {[%clk 00:33:31]} {[%emt 00:04:48]} Kf8
{[%clk 00:38:00]} {[%emt 00:00:10]} 23. Ke2 {[%clk 00:33:30]} {[%emt 00:00:30]}
Ke8 {[%clk 00:36:31]} {[%emt 00:02:00]} 24. Kd2 {[%clk 00:31:55]} {[%emt
00:02:05]} Kd7 {[%clk 00:35:45]} {[%emt 00:01:17]} 25. h3 {[%clk 00:30:34]}
{[%emt 00:01:50]} h5 {[%clk 00:31:36]} {[%emt 00:04:39]} 26. Be4 {[%clk
00:27:35]} {[%emt 00:03:29]} f5 {[%clk 00:19:08]} {[%emt 00:12:58]} 27. Bf3
{[%clk 00:24:11]} {[%emt 00:03:53]} Bd6 {[%clk 00:18:21]} {[%emt 00:01:18]} 28.
g4 {[%clk 00:20:24]} {[%emt 00:04:17]} hxg4 {[%clk 00:17:48]} {[%emt 00:01:03]}
29. hxg4 {[%clk 00:20:49]} {[%emt 00:00:05]} e5 {[%clk 00:14:22]} {[%emt
00:03:56]} 30. gxf5 {[%clk 00:17:07]} {[%emt 00:04:12]} gxf5 {[%clk 00:14:48]}
{[%emt 00:00:04]} 31. Bd5 {[%clk 00:16:13]} {[%emt 00:01:23]} Bb4+ {[%clk
00:12:36]} {[%emt 00:02:43]} 32. Ke2 {[%clk 00:13:48]} {[%emt 00:02:54]} Kd6
{[%clk 00:11:33]} {[%emt 00:01:34]} 33. Bg2 {[%clk 00:13:24]} {[%emt 00:00:54]}
e4 {[%clk 00:05:37]} {[%emt 00:06:27]} 34. Bh3 {[%clk 00:09:52]} {[%emt
00:04:01]} Ne7 {[%clk 00:03:51]} {[%emt 00:02:16]} 35. f3 {[%clk 00:07:56]}
{[%emt 00:02:26]} Bc5 {[%clk 00:02:21]} {[%emt 00:02:00]} 36. Bg7 {[%clk
00:06:09]} {[%emt 00:02:16]} Kc6 {[%clk 00:00:36]} {[%emt 00:02:16]} 37. Bf8
{[%clk 00:04:42]} {[%emt 00:01:56]} Kd5 {[%clk 00:00:36]} {[%emt 00:00:31]} 38.
Bxe7 {[%clk 00:00:57]} {[%emt 00:04:15]} Bxe7 {[%clk 00:00:43]} {[%emt
00:00:22]} 39. Bxf5 {[%clk 00:01:24]} {[%emt 00:00:03]} exf3+ {[%clk 00:01:05]}
{[%emt 00:00:08]} 40. Kxf3 {[%clk 00:01:52]} {[%emt 00:00:02]} b6 {[%clk
00:00:43]} {[%emt 00:00:53]} 41. Bd3 {[%clk 00:02:11]} {[%emt 00:00:11]} a5
{[%clk 00:29:20]} {[%emt 00:01:54]} 42. Kf4 {[%clk 00:32:35]} {[%emt 00:00:04]}
Ke6 {[%clk 00:27:47]} {[%emt 00:02:03]} 43. Bc4+ {[%clk 00:32:48]} {[%emt
00:00:17]} Kf6 {[%clk 00:27:38]} {[%emt 00:00:39]} 44. e4 {[%emt 00:00:02]}
1/2-1/2

[Event "DEM U14 2024"]
[Site "Willingen GER"]
[Date "2024.05.22"]
[Round "5"]
[White "Burkart, Lloyd Shang"]
[Black "Mukazhanov, Mansur"]
[Result "1-0"]
[Termination "normal"]
[Board "10"]
[WhiteElo "2168"]
[BlackElo "1919"]
[WhiteClock "00:20:46"]
[BlackClock "01:14:42"]
[PlyCount "117"]
[WhiteFideId "16239059"]
[BlackFideId "13752324"]
[EventCountry "GER"]
[EventRounds "9"]
[EventType "swiss"]
[EventDate "2024.05.18"]

1. d4 {[%clk 01:30:58]} {[%emt 00:00:01]} Nf6 {[%clk 01:30:53]} {[%emt
00:00:08]} 2. Nf3 {[%clk 01:31:19]} {[%emt 00:00:08]} d6 {[%clk 01:31:01]}
{[%emt 00:00:23]} 3. Bf4 {[%clk 01:29:55]} {[%emt 00:01:54]} g6 {[%clk
01:30:39]} {[%emt 00:00:52]} 4. h3 {[%clk 01:29:47]} {[%emt 00:00:37]} Bg7
{[%clk 01:30:57]} {[%emt 00:00:12]} 5. e3 {[%clk 01:30:07]} {[%emt 00:00:11]}
O-O {[%clk 01:31:01]} {[%emt 00:00:24]} 6. Be2 {[%clk 01:30:20]} {[%emt
00:00:19]} Nc6 {[%clk 01:31:15]} {[%emt 00:00:16]} 7. O-O {[%clk 01:30:22]}
{[%emt 00:00:26]} Nd5 {[%clk 01:30:58]} {[%emt 00:00:48]} 8. Bg3 {[%clk
01:20:06]} {[%emt 00:10:46]} e5 {[%clk 01:29:48]} {[%emt 00:01:41]} 9. c3
{[%clk 01:09:31]} {[%emt 00:11:04]} Nde7 {[%clk 01:25:50]} {[%emt 00:04:29]}
10. Nbd2 {[%clk 00:59:48]} {[%emt 00:10:13]} f5 {[%clk 01:25:14]} {[%emt
00:01:06]} 11. dxe5 {[%clk 00:45:58]} {[%emt 00:14:20]} dxe5 {[%clk 01:24:56]}
{[%emt 00:00:48]} 12. Bc4+ {[%clk 00:46:10]} {[%emt 00:00:18]} Kh8 {[%clk
01:24:59]} {[%emt 00:00:27]} 13. Ng5 {[%clk 00:42:36]} {[%emt 00:04:03]} Qe8
{[%clk 01:22:07]} {[%emt 00:03:23]} 14. Qb3 {[%clk 00:41:01]} {[%emt 00:02:05]}
Na5 {[%clk 01:21:23]} {[%emt 00:01:14]} 15. Qb5 {[%clk 00:36:47]} {[%emt
00:04:43]} Nxc4 {[%clk 01:20:38]} {[%emt 00:01:15]} 16. Qxe8 {[%clk 00:35:41]}
{[%emt 00:01:36]} Rxe8 {[%clk 01:21:00]} {[%emt 00:00:08]} 17. Nxc4 {[%clk
00:36:06]} {[%emt 00:00:05]} Nc6 {[%clk 01:21:24]} {[%emt 00:00:06]} 18. Rfd1
{[%clk 00:33:36]} {[%emt 00:03:00]} h6 {[%clk 01:20:09]} {[%emt 00:01:45]} 19.
Nf3 {[%clk 00:32:21]} {[%emt 00:01:45]} g5 {[%clk 01:19:49]} {[%emt 00:00:51]}
20. Bh2 {[%clk 00:27:37]} {[%emt 00:05:13]} f4 {[%clk 01:19:46]} {[%emt
00:00:33]} 21. exf4 {[%clk 00:27:43]} {[%emt 00:00:24]} gxf4 {[%clk 01:19:56]}
{[%emt 00:00:20]} 22. Re1 {[%clk 00:21:06]} {[%emt 00:07:08]} Bf6 {[%clk
01:17:39]} {[%emt 00:02:47]} 23. Bxf4 {[%clk 00:20:52]} {[%emt 00:00:44]} Bxh3
{[%clk 01:15:45]} {[%emt 00:02:23]} 24. Ncxe5 {[%clk 00:19:51]} {[%emt
00:01:31]} Rg8 {[%clk 01:12:53]} {[%emt 00:03:22]} 25. g3 {[%clk 00:16:25]}
{[%emt 00:03:57]} Rab8 {[%clk 01:06:31]} {[%emt 00:06:51]} 26. Rad1 {[%clk
00:13:33]} {[%emt 00:03:23]} Rg7 {[%clk 01:03:54]} {[%emt 00:03:07]} 27. b3
{[%clk 00:11:15]} {[%emt 00:02:48]} Nxe5 {[%clk 01:02:15]} {[%emt 00:02:09]}
28. Bxe5 {[%clk 00:10:57]} {[%emt 00:00:48]} Rf8 {[%clk 01:02:23]} {[%emt
00:00:22]} 29. Rd4 {[%clk 00:04:13]} {[%emt 00:07:13]} Kh7 {[%clk 01:02:08]}
{[%emt 00:00:45]} 30. Rde4 {[%clk 00:02:37]} {[%emt 00:02:06]} Rgf7 {[%clk
01:00:47]} {[%emt 00:01:51]} 31. Kh2 {[%clk 00:01:31]} {[%emt 00:01:37]} Bd7
{[%clk 00:58:02]} {[%emt 00:03:15]} 32. Rf4 {[%clk 00:00:34]} {[%emt 00:01:27]}
Bc6 {[%clk 00:53:50]} {[%emt 00:04:42]} 33. Nd4 {[%clk 00:00:45]} {[%emt
00:00:19]} Bxe5 {[%clk 00:53:21]} {[%emt 00:00:58]} 34. Rxe5 {[%clk 00:01:01]}
{[%emt 00:00:15]} Rxf4 {[%clk 00:53:08]} {[%emt 00:00:43]} 35. gxf4 {[%clk
00:01:25]} {[%emt 00:00:05]} Rxf4 {[%clk 00:53:16]} {[%emt 00:00:22]} 36. Nxc6
{[%clk 00:01:14]} {[%emt 00:00:41]} bxc6 {[%clk 00:53:22]} {[%emt 00:00:24]}
37. Kg3 {[%clk 00:01:21]} {[%emt 00:00:24]} Rf7 {[%clk 00:53:23]} {[%emt
00:00:28]} 38. Ra5 {[%clk 00:01:15]} {[%emt 00:00:36]} Rg7+ {[%clk 00:53:31]}
{[%emt 00:00:23]} 39. Kh2 {[%clk 00:01:03]} {[%emt 00:00:39]} Rf7 {[%clk
00:53:48]} {[%emt 00:00:16]} 40. Kg2 {[%clk 00:01:06]} {[%emt 00:00:26]} Rg7+
{[%clk 00:53:39]} {[%emt 00:00:40]} 41. Kh3 {[%clk 00:27:44]} {[%emt 00:03:52]}
Rf7 {[%clk 01:23:25]} {[%emt 00:00:44]} 42. Kg2 {[%clk 00:26:01]} {[%emt
00:02:13]} Rg7+ {[%clk 01:23:43]} {[%emt 00:00:11]} 43. Kf1 {[%clk 00:26:10]}
{[%emt 00:00:21]} Kg6 {[%clk 01:23:17]} {[%emt 00:00:56]} 44. Rxa7 {[%clk
00:23:29]} {[%emt 00:03:11]} Kf5 {[%clk 01:22:55]} {[%emt 00:00:52]} 45. Ra4
{[%clk 00:22:53]} {[%emt 00:01:06]} h5 {[%clk 01:22:41]} {[%emt 00:00:44]} 46.
Rc4 {[%clk 00:22:26]} {[%emt 00:00:57]} Rg6 {[%clk 01:22:26]} {[%emt 00:00:43]}
47. a4 {[%clk 00:22:21]} {[%emt 00:00:37]} Rd6 {[%clk 01:15:29]} {[%emt
00:07:27]} 48. a5 {[%clk 00:20:41]} {[%emt 00:02:11]} c5 {[%clk 01:15:22]}
{[%emt 00:00:37]} 49. Rxc5+ {[%clk 00:20:17]} {[%emt 00:00:54]} Kg4 {[%clk
01:15:43]} {[%emt 00:00:09]} 50. Kg2 {[%clk 00:19:36]} {[%emt 00:01:10]} Ra6
{[%clk 01:15:34]} {[%emt 00:00:38]} 51. b4 {[%clk 00:19:13]} {[%emt 00:00:54]}
c6 {[%clk 01:15:15]} {[%emt 00:00:50]} 52. Rc4+ {[%clk 00:19:23]} {[%emt
00:00:19]} Kg5 {[%clk 01:14:54]} {[%emt 00:00:51]} 53. Kg3 {[%clk 00:19:41]}
{[%emt 00:00:12]} Ra7 {[%clk 01:13:05]} {[%emt 00:02:18]} 54. Rc5+ {[%clk
00:20:05]} {[%emt 00:00:07]} Kh6 {[%clk 01:13:26]} {[%emt 00:00:10]} 55. Rxc6+
{[%clk 00:20:29]} {[%emt 00:00:06]} Kg5 {[%clk 01:13:54]} {[%emt 00:00:02]} 56.
Rc5+ {[%clk 00:20:18]} {[%emt 00:00:40]} Kg6 {[%clk 01:14:14]} {[%emt
00:00:10]} 57. c4 {[%clk 00:20:12]} {[%emt 00:00:36]} Rd7 {[%clk 01:14:18]}
{[%emt 00:00:26]} 58. a6 {[%clk 00:20:28]} {[%emt 00:00:15]} Rd3+ {[%clk
01:14:42]} {[%emt 00:00:05]} 59. Kg2 {[%clk 00:20:46]} {[%emt 00:00:11]} 1-0

[Event "DEM U14 2024"]
[Site "Willingen GER"]
[Date "2024.05.22"]
[Round "5"]
[White "Mündörfer, Sebastian"]
[Black "Türel, Tugrul"]
[Result "1/2-1/2"]
[Termination "normal"]
[Board "11"]
[WhiteElo "1914"]
[BlackElo "2070"]
[WhiteClock "00:29:45"]
[BlackClock "00:34:06"]
[PlyCount "113"]
[WhiteFideId "34604367"]
[BlackFideId "26338408"]
[EventCountry "GER"]
[EventRounds "9"]
[EventType "swiss"]
[EventDate "2024.05.18"]

1. d4 {[%clk 01:30:57]} {[%emt 00:00:02]} d5 {[%clk 01:30:56]} {[%emt
00:00:04]} 2. c4 {[%clk 01:31:23]} {[%emt 00:00:04]} c6 {[%clk 01:31:23]}
{[%emt 00:00:03]} 3. cxd5 {[%clk 01:31:50]} {[%emt 00:00:04]} cxd5 {[%clk
01:31:48]} {[%emt 00:00:05]} 4. Nc3 {[%clk 01:32:16]} {[%emt 00:00:03]} Nf6
{[%clk 01:32:02]} {[%emt 00:00:17]} 5. Nf3 {[%clk 01:32:35]} {[%emt 00:00:11]}
Nc6 {[%clk 01:32:26]} {[%emt 00:00:06]} 6. Bf4 {[%clk 01:32:50]} {[%emt
00:00:15]} a6 {[%clk 01:30:03]} {[%emt 00:02:53]} 7. e3 {[%clk 01:32:30]}
{[%emt 00:00:50]} Bf5 {[%clk 01:30:14]} {[%emt 00:00:19]} 8. Be2 {[%clk
01:31:13]} {[%emt 00:01:47]} e6 {[%clk 01:27:08]} {[%emt 00:03:36]} 9. O-O
{[%clk 01:30:54]} {[%emt 00:00:48]} h6 {[%clk 01:25:24]} {[%emt 00:02:15]} 10.
h3 {[%clk 01:30:35]} {[%emt 00:00:48]} Bd6 {[%clk 01:25:15]} {[%emt 00:00:39]}
11. Bxd6 {[%clk 01:30:46]} {[%emt 00:00:20]} Qxd6 {[%clk 01:25:42]} {[%emt
00:00:03]} 12. Rc1 {[%clk 01:29:34]} {[%emt 00:01:43]} O-O {[%clk 01:25:57]}
{[%emt 00:00:14]} 13. Na4 {[%clk 01:25:28]} {[%emt 00:04:36]} Nd7 {[%clk
01:09:55]} {[%emt 00:16:31]} 14. Nc5 {[%clk 01:20:22]} {[%emt 00:05:36]} Nxc5
{[%clk 01:08:45]} {[%emt 00:01:40]} 15. dxc5 {[%clk 01:18:19]} {[%emt
00:02:33]} Qc7 {[%clk 01:06:48]} {[%emt 00:02:27]} 16. Qd2 {[%clk 01:10:17]}
{[%emt 00:08:32]} Rfd8 {[%clk 01:05:20]} {[%emt 00:01:58]} 17. Rfd1 {[%clk
01:02:45]} {[%emt 00:08:03]} e5 {[%clk 01:04:31]} {[%emt 00:01:19]} 18. Qc3
{[%clk 00:56:41]} {[%emt 00:06:34]} Rd7 {[%clk 01:03:24]} {[%emt 00:01:36]} 19.
b4 {[%clk 00:56:08]} {[%emt 00:01:04]} Rad8 {[%clk 01:03:22]} {[%emt 00:00:32]}
20. Qb2 {[%clk 00:56:05]} {[%emt 00:00:33]} d4 {[%clk 01:02:20]} {[%emt
00:01:32]} 21. exd4 {[%clk 00:52:25]} {[%emt 00:04:10]} Nxd4 {[%clk 00:55:20]}
{[%emt 00:07:30]} 22. a4 {[%clk 00:46:29]} {[%emt 00:06:27]} Bc2 {[%clk
00:48:54]} {[%emt 00:06:55]} 23. Rxd4 {[%clk 00:38:58]} {[%emt 00:08:01]} exd4
{[%clk 00:49:04]} {[%emt 00:00:20]} 24. Qxc2 {[%clk 00:39:18]} {[%emt
00:00:11]} d3 {[%clk 00:49:27]} {[%emt 00:00:06]} 25. Bxd3 {[%clk 00:39:43]}
{[%emt 00:00:05]} Rxd3 {[%clk 00:49:53]} {[%emt 00:00:04]} 26. b5 {[%clk
00:39:31]} {[%emt 00:00:43]} axb5 {[%clk 00:47:40]} {[%emt 00:02:42]} 27. axb5
{[%clk 00:39:54]} {[%emt 00:00:07]} Qf4 {[%clk 00:47:54]} {[%emt 00:00:15]} 28.
c6 {[%clk 00:38:40]} {[%emt 00:01:45]} Qxc1+ {[%clk 00:48:01]} {[%emt
00:00:22]} 29. Qxc1 {[%clk 00:38:54]} {[%emt 00:00:17]} Rd1+ {[%clk 00:48:30]}
{[%emt 00:00:01]} 30. Qxd1 {[%clk 00:39:00]} {[%emt 00:00:24]} Rxd1+ {[%clk
00:48:57]} {[%emt 00:00:03]} 31. Kh2 {[%clk 00:39:23]} {[%emt 00:00:07]} bxc6
{[%clk 00:49:23]} {[%emt 00:00:04]} 32. bxc6 {[%clk 00:39:19]} {[%emt
00:00:34]} Rc1 {[%clk 00:49:49]} {[%emt 00:00:04]} 33. Nd4 {[%clk 00:39:27]}
{[%emt 00:00:22]} Rc4 {[%clk 00:49:41]} {[%emt 00:00:37]} 34. Nf5 {[%clk
00:38:59]} {[%emt 00:00:57]} Kf8 {[%clk 00:50:07]} {[%emt 00:00:05]} 35. g4
{[%clk 00:38:21]} {[%emt 00:01:09]} Rxc6 {[%clk 00:50:31]} {[%emt 00:00:06]}
36. Kg3 {[%clk 00:38:12]} {[%emt 00:00:38]} Rc5 {[%clk 00:49:44]} {[%emt
00:01:18]} 37. f4 {[%clk 00:37:22]} {[%emt 00:01:20]} f6 {[%clk 00:45:50]}
{[%emt 00:04:24]} 38. Nh4 {[%clk 00:34:52]} {[%emt 00:02:59]} g5 {[%clk
00:42:43]} {[%emt 00:03:38]} 39. Nf5 {[%clk 00:33:05]} {[%emt 00:02:17]} h5
{[%clk 00:39:26]} {[%emt 00:03:46]} 40. fxg5 {[%clk 00:29:18]} {[%emt
00:04:17]} fxg5 {[%clk 00:39:52]} {[%emt 00:00:04]} 41. h4 {[%clk 00:29:31]}
{[%emt 00:00:18]} Rxf5 {[%clk 00:39:59]} {[%emt 00:00:23]} 42. gxf5 {[%clk
00:29:40]} {[%emt 00:00:21]} g4 {[%clk 00:40:25]} {[%emt 00:00:04]} 43. Kf4
{[%clk 00:29:41]} {[%emt 00:00:29]} Kf7 {[%clk 00:40:30]} {[%emt 00:00:25]} 44.
Ke3 {[%clk 00:29:58]} {[%emt 00:00:13]} Ke7 {[%clk 00:40:12]} {[%emt 00:00:48]}
45. Ke4 {[%clk 00:29:08]} {[%emt 00:01:19]} Kd6 {[%clk 00:37:36]} {[%emt
00:03:06]} 46. Kd4 {[%clk 00:28:23]} {[%emt 00:01:14]} Kc6 {[%clk 00:37:35]}
{[%emt 00:00:33]} 47. Ke4 {[%clk 00:28:09]} {[%emt 00:00:44]} Kc5 {[%clk
00:31:51]} {[%emt 00:06:14]} 48. Ke5 {[%clk 00:28:02]} {[%emt 00:00:36]} Kc6
{[%clk 00:32:00]} {[%emt 00:00:21]} 49. Ke4 {[%clk 00:28:27]} {[%emt 00:00:05]}
Kd6 {[%clk 00:31:58]} {[%emt 00:00:32]} 50. Kd4 {[%clk 00:28:36]} {[%emt
00:00:22]} Ke7 {[%clk 00:32:24]} {[%emt 00:00:04]} 51. Ke3 {[%clk 00:28:45]}
{[%emt 00:00:21]} Kf7 {[%clk 00:32:41]} {[%emt 00:00:13]} 52. Ke4 {[%clk
00:28:36]} {[%emt 00:00:38]} Kf6 {[%clk 00:33:05]} {[%emt 00:00:06]} 53. Kf4
{[%clk 00:28:56]} {[%emt 00:00:10]} Ke7 {[%clk 00:33:27]} {[%emt 00:00:08]} 54.
Ke3 {[%clk 00:29:12]} {[%emt 00:00:14]} Kd7 {[%clk 00:33:49]} {[%emt 00:00:08]}
55. Kd3 {[%clk 00:29:22]} {[%emt 00:00:20]} Kc7 {[%clk 00:33:43]} {[%emt
00:00:37]} 56. Ke3 {[%clk 00:29:45]} {[%emt 00:00:07]} Kc6 {[%clk 00:34:06]}
{[%emt 00:00:07]} 57. Ke4 {[%emt 00:03:18]} 1/2-1/2